000 00516nmm a2200181Ia 4500
008 251105s9999||||xx |||||||||||||||||und||
020 _a8484296342
041 _aspa
100 _aRialp Criado, Josep
245 0 _aToma de decisiones estratégicas
264 _a[Madrid, España] :
_bUOC Papers,
_c2002
300 _a18 páginas
650 _aEconomics and Business
700 _aRialp Criado, Josep
700 1 _a Rialp Criado, Alex
856 _uhttps://public.digitaliapublishing.com/a/5764
942 _cCF
999 _c70487
_d70487